Souveränität. Entstehung und Entwicklung des Begriffs in Frankreich und Deutschland vom 13. Jh. bis 1806.
Saved in:
| Hovedforfatter: | |
|---|---|
| Format: | Bog |
| Sprog: | engelsk |
| Udgivet: |
Berlin, Germany:
Duncker & Humblot,
1986.
|
| Serier: | Schriften zur Verfassungsgeschichte,
38. |
| Fag: | |
| Tags: |
Tilføj Tag
Ingen Tags, Vær først til at tagge denne postø!
|
MARC
| LEADER | 00000nam a22000007a 4500 | ||
|---|---|---|---|
| 003 | CL-VaPUC | ||
| 005 | 20220822114424.0 | ||
| 008 | 220225t1986 ||||| |||| 00| 0 eng d | ||
| 999 | |c 434557 |d 434555 | ||
| 020 | |a 3-428-06118-7 | ||
| 040 | |c Pontificia Universidad Católica de Valparaíso | ||
| 082 | 0 | 4 | |2 22 |a 320.15 QUA 1986 |
| 100 | 1 | |a Quaritsch, Helmut |e verfasser |9 866534 | |
| 245 | 1 | 0 | |a Souveränität. |b Entstehung und Entwicklung des Begriffs in Frankreich und Deutschland vom 13. Jh. bis 1806. |
| 260 | |a Berlin, Germany: |b Duncker & Humblot, |c 1986. | ||
| 300 | |a 128 páginas. | ||
| 490 | 0 | |a Schriften zur Verfassungsgeschichte, |v 38. | |
| 500 | |a c.1 Donación Familia Prof. Alejandro Guzmán Brito. | ||
| 583 | |c 20220225 |k Yessy Stephany Diaz Vidal | ||
| 650 | 1 | |a Soberanía |x Terminología |y 1280-1806 |z Francia |9 869644 | |
| 650 | 1 | |a Soberanía |x Terminología |y 1600-1806 |z Alemania |9 869645 | |
| 942 | |2 ddc |c BK |n 0 | ||
| 952 | |0 0 |1 0 |2 ddc |4 0 |6 320_150000000000000_QUA_1986 |7 0 |8 C_AGB |9 581485 |a BIBDER |b BIBDER |d 2022-02-25 |e Donación |i 564805K |o 320.15 QUA 1986 |p 564805K |r 2023-01-25 |t 1 |w 2022-02-25 |y BK_US |k AGB | ||